logo

Bir Sreshtho Munshi Abdur Rouf Library
Jhenaidah Cadet College

ইতিহাসের রূপরেখা / (Record no. 7586)

MARC details
000 -LEADER
fixed length control field 00608nam a2200217 a 4500
001 - CONTROL NUMBER
JCCL Control Number 7586
003 - CONTROL NUMBER IDENTIFIER
JCCL marc code BD-JhCC
005 - DATE AND TIME OF LATEST TRANSACTION
control field 20180212090115.0
008 - FIXED-LENGTH DATA ELEMENTS--GENERAL INFORMATION
fixed length control field 180212s1969 bg |||| ||a| 000 0 ben d
035 ## - SYSTEM CONTROL NUMBER
system control number (BD-JhCC)7586
040 ## - CATALOGING SOURCE
Original cataloging agency BD-JhCC
Modifying agency BD-JhCC
041 ## - LANGUAGE CODE
Language code of Book ben
082 ## - DEWEY DECIMAL CLASSIFICATION NUMBER
Classification number 901
Author mark and Year HAM 1969
100 ## - MAIN ENTRY--PERSONAL NAME
Personal name হালিম,আবদুল
245 ## - TITLE STATEMENT
Title ইতিহাসের রূপরেখা /
Statement of responsibility, etc আবদুল হালিম .
260 ## - PUBLICATION, DISTRIBUTION, ETC. (IMPRINT)
Place of publication, distribution, etc ঢাকা :
Name of publisher, distributor, etc প্রকাশ ভবন ;
Date of publication, distribution, etc 1969 .
300 ## - PHYSICAL DESCRIPTION
Pagination 204 p. :
Dimensions 21 cm.
651 ## - SUBJECT ADDED ENTRY--GEOGRAPHIC NAME
Geographic name History
942 ## - ADDED ENTRY ELEMENTS (KOHA)
Source of classification or shelving scheme Library of Congress Classification
Koha item type Books
Holdings
Source of classification or shelving scheme Damaged status Not for loan Home library Current library Shelving location Date of accession Cost, normal purchase price Total Checkouts Full call number Barcode Date last seen Copy number Koha item type
Dewey Decimal Classification     JCC Rouf Library JCC Rouf Library General Stacks 02/12/2018 9.00   901 HAM 1969 9846 02/12/2018 C-1 Books

JCC Library | Contacts | JCC Home

Last Update on 23 September 2017
Copyright @ 2017-2020 JCC Rouf Library
Rouf Library, Jhenidah Cadet College (JCC), Bangladesh